000 00509nam a2200169 i 4500
001 29391
003 ES-MaACL
005 20230906154027.0
007 t|
008 030121s1970 sp ||||1| spa d
100 1 _aBallestero, Manuel.
_925031
245 1 3 _aLa revolución del espíritu
_b: (tres pensamientos de libertad) /
_cpor Manuel Ballestero.
250 _a1ª ed.
260 _a[Madrid] :
_bSiglo Veintiuno de España,
_c[1970]
300 _a168 p. ;
_c18 cm.
852 _aES-MaACL
_jC-47660
_bR.75326
999 _c29391
_d29391